Business cycle indicators and measures : a complete guide to interpreting the key economic indicators /

Bibliographic Details
Main Author: Hildebrand, George
Format: Book
Language:English
Published: Chicago : Probus Pub. Co., [1992]
Subjects:

MARC

Tag First Indicator Second Indicator Subfields
LEADER 00000cam a2200000 a 4500
001 in00001092521
005 20150929201221.0
008 920720s1992 ilua b 001 0 eng d
020 |a 155738410X 
035 |a (OCoLC)26221316 
035 |9 AFT1360AM 
040 |a CIN  |c CIN  |d TXA  |d UtOrBLW 
049 |a TXAM 
090 |a HB3730  |b .H54 1992 
100 1 |a Hildebrand, George. 
245 1 0 |a Business cycle indicators and measures :  |b a complete guide to interpreting the key economic indicators /  |c George Hildebrand. 
264 1 |a Chicago :  |b Probus Pub. Co.,  |c [1992] 
264 4 |c ©1992 
300 |a ix, 277 pages :  |b illustrations ;  |c 24 cm. 
336 |a text  |b txt  |2 rdacontent 
337 |a unmediated  |b n  |2 rdamedia 
338 |a volume  |b nc  |2 rdacarrier 
504 |a Includes bibliographical references (pages 261-263) and indexes. 
650 0 |a Business forecasting. 
650 0 |a Business cycles. 
650 0 |a Economic indicators. 
999 |a MARS 
999 f f |s 2d276744-8433-3c91-a142-b31b078198f5  |i b858127b-cd1c-323c-917a-cf849642d2f4  |t 0 
952 f f |p ric  |a Texas A&M University  |b Rellis Campus  |c Joint Library Facility  |d Remote Storage  |t 0  |e HB3730 .H54 1992  |h Library of Congress classification  |i unmediated -- volume  |m A14816636133 
998 f f |a HB3730 .H54 1992  |t 0  |l Remote Storage